000 00605nam a2200205Ia 4500
005 20250923145239.0
008 008 250917s9999 xx 000 0 eng d
037 _aTextual
040 _aDSWL
_beng
_cDSWL
041 _aeng
_2eng
084 _aYX,Z1-z4;5-26.56, N68;1
_qDSWL
100 _aPackman, Jean
_9833320
245 0 _aChild care needs and numbers
_cby Jean Packman
260 _aLondon
_bGeorge Allen & Unwin Ltd.
_c1968
300 _ax,293p.
365 _aINR
_b42
925 _g42
942 _cTEXL
_hYX,Z1-z4;5-26.56, N68;1
999 _c1448919
_d1448919